000 00367nam a22001457a 4500
003 MACL
005 20210925162937.0
008 210925b |||||||| |||| 00| 0 eng d
040 _cMACL
100 _aSadani,Jaikishandas
_981162
245 _aIndian Culture Vol.4 Sculpture
260 _aKolkata
_bBharatiya Vidya Mandir
_c2010
650 _aCulture
942 _2ddc
_cBK
999 _c64420
_d64420